000 00778nam a2200289Ia 4500
001 24773
003 IT-RoPAU
008 130308s9999 xx 000 0 und d
040 _aIT-RoPAU
040 _cIT-RoPAU
041 _aITALIANO
100 _aAimone Linda
100 _gCodice Aut. SPICS: 8055
245 _aMiriskussniki in Italia (I)
245 _bMir Iskusstva-La Cultura Figurativa, Letteraria e Musicale nel Simbolismo Russo
250 _a1a ed.
260 _aROMA
260 _bE/O
260 _c1984 [1° Ed.:1984 - Ed.Ling.Originale:1982]
300 _a"6 p. (prefazione: no ; testo: 6 [pagine: 65-70])"
650 _aSAGGI DI ESTETOLOGIA
650 _eCodice materia Spics: 5111
942 _cBK
957 _71
999 _c47535
_d47535
999 _bSI
999 _g1